000 01799cam a22004574i 4500
003 PE-LiUPU
005 20250731165543.0
008 150625s r 000 0 d
035 _a(Sirsi) a33639
035 _a(Sirsi) a33639
040 _aPE-LiUPU
_bspa
_cPE-LiUPU
_erda
082 0 4 _a221.7
_bITC
_221
100 1 _aKnight, George A. F.,
_eautor.
245 1 0 _aServant theology.
_n23 /
_cGeorge A. F. Knight.
264 1 _aGrand Rapids, Michigan :
_bThe handsel Press,
_c1965.
336 _atext
_2rdacontent
337 _aunmediated
_2rdamedia
338 _avolume
_2rdacarrier
490 0 _a23/a ;
_v23/a
505 0 _aGood News of God. -God's plan unfolds. -The task of the Servant. -I am he. -The Queen of Blasphemy. -My glory i will not giv to another. -The calling of the servant. -The servant responds. -I chose you at the Creation. -Asirie, Israel, from the dust. -God was in Israel. -Your Maker is your Husband. -The eternal covenant.
526 _aSEG44
526 _aSEG26
526 _aP151
526 _aP150
526 _aP149
526 _aP146
526 _aP145
526 _aP126
526 _aP125
526 _aP92
526 _aP75
526 _aP74
526 _aP27
526 _aP15
942 _2ddc
_cBOOK
949 _aRC 221.7 ITC 23
_wDEWEY
_c1
_i37864
_lRC
_mBUL
_r0
_sY
_tBOOK
_u2015-6-25
_xBIBLIOTECA
_zUNKNOWN
_0COMPRA
_o.CIRCNOTE. No olvidar cambiar la fecha de devolución!!!!!!!
_o.STAFF. Colección General
994 _aC0
_bPEPRU
596 _a1
999 _aRC 221.7 ITC 23
_wDEWEY
_c41408
_i37864
_d41408
_f2021-11-8
_g6
_lCCODEBUL1
_mBUL
_q4
_r1
_sY
_tBOOK
_u2015-6-25
_xTEOLOGIA
_zUNKNOWN
_0COMPRA
_o.CIRCNOTE. No olvidar cambiar la fecha de devolución!!!!!!!
_o.STAFF. Colección General
980 _81
_gALBERTO SANCHEZ Responsable de Automatización